000 01247nam2a22002411 4500
001 RU\NLR\INFOCOMM29\5000043364
005 20250617024209.0
035 _a(NLR Aleph) 002386863
090 _a4618482
_c4618482
100 _a20041220d1961 |||y0rusy50 ca
101 0 _arus
102 _aRU
105 _ay ||||000|y
200 1 _aО противотуберкулезной работе в условиях сельской больницы и фельдшерско-акушерского пункта
210 _d1961
_aБ. м.
461 0 _1001RU\NLR\INFOCOMM29\5000043349
_12001#$aИнструктивно-методическое письмо$fТульский обл. отд. здравоохранения. Тульский обл. дом сан. прос. ДСП$v№2
_94618479
_aТульский областной отдел здравоохранения
_cТула
_d1961-1962
_fТульский обл. отд. здравоохранения. Тульский обл. дом сан. прос. ДСП
_tИнструктивно-методическое письмо
_v№2
801 1 _aRU
_bInfoComm
_c20041220
801 0 _aRU
_bNLR
_gPSBO
852 _aNLR
_jП16/947
942 _cISSUE
980 _aNB
980 _aRUSPER